Deutschlandkarte ohne 6 zufällige Bundesländer - Statistiken

Allgemein
  • Dieses Quiz wurde 108 mal gespielt
  • Das Durchschnittsergebnis liegt bei 6 aus 6
Antworten auf der Karte
Die Antworten werden auf der Karte rot bzw. grün angezeigt, abhängig davon wie oft sie richtig erraten wurden.
 
Antwortstatistiken
Bundesland % Korrekt
Baden-Württemberg
100%
Bayern
100%
Berlin
100%
Brandenburg
100%
Bremen
100%
Niedersachsen
100%
Nordrhein-Westfalen
100%
Saarland
100%
Sachsen
100%
Schleswig-Holstein
100%
Hamburg
97%
Rheinland-Pfalz
97%
Sachsen-Anhalt
97%
Hessen
95%
Thüringen
94%
Mecklenburg-Vorpommern
92%
Keine übereinstimmenden Quizze gefunden
Verteilung der Resultate
Anzahl Personen mit jedem Resultat
Perzentil nach korrekt beantworteten Fragen
Ihre Resultats-Entwicklung
Sie haben dieses Quiz noch nicht gespielt